Documento firmado por Agustín de Iturbide (Record no. 5088)

MARC details
000 -CABECERA
campo de control de longitud fija 01278nam a2200241 a 4500
001 - NÚMERO DE CONTROL
campo de control BRCA_5394
005 - FECHA Y HORA DE LA ÚLTIMA TRANSACCIÓN
campo de control 20190320205047.0
084 ## - OTRO NÚMERO DE CLASIFICACIÓN
Número de clasificación DOC31
Número de documento/Ítem .I88
-- 1821
100 1# - ENTRADA PRINCIPAL--NOMBRE DE PERSONA
Nombre de persona Iturbide, Agustín de
Fechas asociadas al nombre 1783-1824
9 (RLIN) 13792
245 10 - MENCIÓN DE TÍTULO
Título Documento firmado por Agustín de Iturbide
Mención de responsabilidad, etc. Agustín de Iturbide, José Ignacio Lazo.
260 ## - PUBLICACIÓN, DISTRIBUCIÓN, ETC.
Lugar de publicación, distribución, etc. México
Fecha de publicación, distribución, etc. 1821
300 ## - DESCRIPCIÓN FÍSICA
Extensión [2] fojas
Dimensiones 21 x 16 cm.
500 ## - NOTA GENERAL
Nota general Carta firmada en julio de 1821
500 ## - NOTA GENERAL
Nota general Carta de Don Agustín de Iturbide dirigida a Don José Ignacio Lazo en la que le ofrece resguardo adjunto con la situación de descontento y de desorden que priva en el país acompañan al mismo, 200 ejemplares más para llenarlos con los nombres de las personas cuya conducta lo justifique
500 ## - NOTA GENERAL
Nota general Estado de conservación: contiene manchas de acidez y márgenes maltratados
506 0# - NOTA DE RESTRICCIONES AL ACCESO
Limitaciones de acceso Fondo reservado: para su consulta es necesario credencial de usuario y carta de motivos
546 ## - NOTA DE LENGUA/LENGUAJE
Nota de lengua/lenguaje Texto en: español de principios del siglo XIX
600 14 - PUNTO DE ACCESO ADICIONAL DE MATERIA--NOMBRE DE PERSONA
Nombre de persona Iturbide, Agustín de
Títulos y otros términos asociados al nombre Militar
Fechas asociadas al nombre 1783-1824
Forma completa/desarrollada del nombre Iturbide y Arámburu, Agustín Cosme Damián de
9 (RLIN) 13793
651 #4 - PUNTO DE ACCESO ADICIONAL DE MATERIA--NOMBRE GEOGRÁFICO
Nombre geográfico México
Subdivisión de forma Impreso con rúbricas
Subdivisión general Historia
Subdivisión cronológica Guerra de Independencia, 1810-1821
9 (RLIN) 12848
700 1# - PUNTO DE ACCESO ADICIONAL--NOMBRE DE PERSONA
Nombre de persona Lazo, José Ignacio
9 (RLIN) 13794
902 ## - CATALOGADOR
Iniciales FDH
942 ## - ELEMENTOS DE PUNTO DE ACCESO ADICIONAL (KOHA)
Fuente del sistema de clasificación o colocación Library of Congress Classification
Tipo de ítem Koha Documentos
Holdings
Estado de retiro Estado de pérdida Estado dañado No para préstamo Localización permanente Ubicación/localización actual Fecha de adquisición Total de préstamos Signatura topográfica completa Código de barras Fecha visto por última vez Precio válido a partir de Tipo de ítem Koha
El ejemplar forma parte de la colección y puede ser consultado según las políticas vigentes.       Biblioteca del Museo Franz Mayer (Rogerio Casas-Alatriste) Biblioteca del Museo Franz Mayer (Rogerio Casas-Alatriste) 09/12/2010   DOC31 .I88 1821 5829 22/03/2019 22/03/2019 Documentos